Zresetuj mě
Saved in:
| Main Author | |
|---|---|
| Format | Electronic eBook |
| Language | Czech |
| Published |
Golden Dog
2023
|
| Edition | 1. elektronické vydání |
| Subjects | |
| Online Access | Dostupné v BOOKPORT po přihlášení pomocí eduID |
| ISBN | 978-80-88635-28-4 978-80-88635-29-1 978-80-88635-10-9 |
| Physical Description | 1 online zdroj (372 stran) |
Cover
| LEADER | 00000nam a2200000 i 4500 | ||
|---|---|---|---|
| 001 | bkp982021861 | ||
| 003 | CZ-prgp | ||
| 005 | 20250127112517.0 | ||
| 006 | m o d | ||
| 007 | cr cn | ||
| 008 | 250127s2023 xr o 000 1 cze | ||
| 020 | |a 978-80-88635-28-4 |c 299 Kč |q (online ; pdf) | ||
| 020 | |a 978-80-88635-29-1 |c 299 Kč |q (online ; epub) | ||
| 020 | |a 978-80-88635-10-9 |c 399 Kč |q (print) | ||
| 040 | |a Grada |b cze |e rda | ||
| 100 | 1 | |a Michal, Sirotek | |
| 245 | 1 | 0 | |a Zresetuj mě |c Sirotek Michal |
| 250 | |a 1. elektronické vydání | ||
| 264 | 1 | |b Golden Dog |c 2023 | |
| 300 | |a 1 online zdroj (372 stran) | ||
| 336 | |a text |b txt |2 rdacontent | ||
| 337 | |a počítač |b c |2 rdamedia | ||
| 338 | |a online zdroj |b cr |2 rdacarrier | ||
| 520 | 3 | |a Praha, rok 2069. Nové technologie a nadnárodní koncerny ovládají celou společnost. Mezi zámožným Centrem a vnějšími sektory města dlouho panují napjaté vztahy. Situaci eskaluje bestiální vražda. Na těle oběti stojí podivný vzkaz: ZRESETUJ MĚ. Případu se ujímá kriminalistka Sandra Šemberová. Čeká ji nelehký úkol - najít nebezpečného psychopata v metropoli, kde se korupce a zločinnost staly normou. Sandra se spojí s ostříleným čínským detektivem. Společně musí zastavit brutálního vraha dřív, než důsledky jeho činů obrátí celé město vzhůru nohama. | |
| 650 | 0 | 4 | |a Sci-fi, fantasy |
| 856 | 4 | 0 | |u https://www.bookport.cz/AccountSaml/SignIn/?idp=https://shibboleth.utb.cz/idp/shibboleth&returnUrl=/kniha/zresetuj-me-14553/ |y Dostupné v BOOKPORT po přihlášení pomocí eduID |